Reader's Digest atlas of the world. (Record no. 60798)

000 -LEADER
fixed length control field 00985nem a2200301 4500
001 - CONTROL NUMBER
control field 265168
003 - CONTROL NUMBER IDENTIFIER
control field NUST-PNEC
005 - DATE AND TIME OF LATEST TRANSACTION
control field 20170116180707.0
007 - PHYSICAL DESCRIPTION FIXED FIELD--GENERAL INFORMATION
fixed length control field ad canzn
008 - FIXED-LENGTH DATA ELEMENTS--GENERAL INFORMATION
fixed length control field 870219s1987 nyu e eng
010 ## - LIBRARY OF CONGRESS CONTROL NUMBER
LC control number 87675016
020 ## - INTERNATIONAL STANDARD BOOK NUMBER
International Standard Book Number 0895772647
034 0# - CODED CARTOGRAPHIC MATHEMATICAL DATA
Category of scale a
040 ## - CATALOGING SOURCE
Transcribing agency PNEC
050 00 - LIBRARY OF CONGRESS CALL NUMBER
Classification number G1021
Item number .R533 1987
082 00 - DEWEY DECIMAL CLASSIFICATION NUMBER
Classification number 912 MCN
Edition number 19
100 ## - MAIN ENTRY--PERSONAL NAME
9 (RLIN) 413
Personal name Mcnally, Rand
110 2# - MAIN ENTRY--CORPORATE NAME
Corporate name or jurisdiction name as entry element Reader's Digest Association.
245 10 - TITLE STATEMENT
Title Reader's Digest atlas of the world.
255 ## - CARTOGRAPHIC MATHEMATICAL DATA
Statement of scale Scales differ.
260 ## - PUBLICATION, DISTRIBUTION, ETC.
Place of publication, distribution, etc. Pleasantville, N.Y. :
Name of publisher, distributor, etc. Reader's Digest Association,
Date of publication, distribution, etc. c1987.
300 ## - PHYSICAL DESCRIPTION
Extent 1 atlas (240 p.) :
Other physical details col. ill., col. maps ;
Dimensions 39 cm.
500 ## - GENERAL NOTE
General note Includes index. http://www.amazon.com/Readers-Digest-atlas-world-Association/dp/0895772647/ref=sr_1_1?s=books&ie=UTF8&qid=1411971530&sr=1-1&keywords=0895772647
650 #0 - SUBJECT ADDED ENTRY--TOPICAL TERM
Topical term or geographic name entry element Atlases.
General subdivision General
740 0# - ADDED ENTRY--UNCONTROLLED RELATED/ANALYTICAL TITLE
Uncontrolled related/analytical title Atlas of the world.
906 ## - LOCAL DATA ELEMENT F, LDF (RLIN)
a 7
b cbc
c orignew
d 1
e ncip
f 19
g y-geogmaps
942 ## - ADDED ENTRY ELEMENTS (KOHA)
Source of classification or shelving scheme
Koha item type Maps
Holdings
Withdrawn status Lost status Source of classification or shelving scheme Damaged status Not for loan Permanent Location Current Location Shelving location Date acquired Source of acquisition Cost, normal purchase price Total Checkouts Full call number Barcode Date last seen Cost, replacement price Price effective from Koha item type
          Pakistan Navy Engineering College (PNEC) Pakistan Navy Engineering College (PNEC) Reference 11/25/1991 Progressive International 835.00   912 MCN PNECLIB-015488 09/29/2014 835.00 11/25/1991 Book
© 2023 Central Library, National University of Sciences and Technology. All Rights Reserved.